| 000 | 00513nam a22001697a 4500 | ||
|---|---|---|---|
| 003 | OSt | ||
| 005 | 20240926003634.0 | ||
| 008 | 240926b |||||||| |||| 00| 0 eng d | ||
| 040 | _c0 | ||
| 082 | _aDPer 050 R22 2000 January-May 2023 v123 no. 719-723 | ||
| 100 |
_aAdrift. _eauthor. _961663 |
||
| 245 |
_aDrama in real life / _cAdrift. |
||
| 260 |
_aTaipei ; _b Reader's Digest Asia, _cFebruary 2023. |
||
| 300 |
_aVolume 123, pages 40-47 , _b illustration. |
||
| 700 |
_aAdrift. _eauthor. _961663 |
||
| 942 |
_2ddc _cPER |
||
| 999 |
_c21877 _d21877 |
||